000
00363nam a22001577a 4500
003
MPLRDC
005
20220104123654.0
008
210129b ||||| |||| 00| 0 eng d
082
_a
414.8 LJH
100
_a
梁剑辉编
245
_a
古方饮食疗法
_c
260
_a
_b
港青出版社
_c
1984
300
_b
平
650
_a
医话
942
_c
BK
_o
414.8 LJH
999
_c
13269
_d
13259